Biblioteca y Centro de Documentación

Anuario ThinkEPI 2012 (Registro nro. 24561)

Detalles MARC
000 -CABECERA
Longitud fija campo de control 01359nam a2200409 c 4500
001 - NÚMERO DE CONTROL
Número de control 24561
003 - IDENTIFICADOR DE NÚMERO DE CONTROL
Identificador del número de control ES-MaCES
005 - FECHA Y HORA DE LA ÚLTIMA TRANSACCIÓN
Fecha y hora de la última transacción 20160201122021.0
008 - CAMPO FIJO DE DESCRIPCIÓN FIJA--INFORMACIÓN GENERAL
Códigos de información de longitud fija   120711s2012 sp a t o000 | spa d
017 ## - NÚMERO DE REGISTRO DE DERECHOS DE AUTOR Y DEPÓSITO LEGAL
Número de copyright o de depósito legal B 15904-2012
Agencia que asigna el número DL
020 ## - ISBN (INTERNATIONAL STANDARD BOOK NUMBER)
Número Internacional Normalizado para Libros (ISBN) 9788497889858
035 ## - NÚMERO DE CONTROL DEL SISTEMA
Número de control del sistema CES20120004879m
040 ## - FUENTE DE CATALOGACIÓN
Centro catalogador de origen ES-MaCES
Lengua de catalogación spa
Centro transcriptor ES-MaCES
041 0# - CÓDIGO DE IDIOMA
Código de lengua del texto;banda sonora o título independiente spa
-- eng
245 00 - MENCIÓN DE TÍTULO
Título Anuario ThinkEPI 2012
Resto del título : análisis de tendencias en información y documentación
Mención de responsabilidad, etc. [Tomás Baiget, editor ; Javier Guallar, coordinador]
260 ## - PUBLICACIÓN, DISTRIBUCIÓN, ETC (PIE DE IMPRENTA)
Lugar de publicación, distribución, etc. [Barcelona
Nombre del editor, distribuidor, etc. EPI SCP
Fecha de publicación, distribución, etc. 2012]
300 ## - DESCRIPCIÓN FÍSICA
Extensión 340 p.
Otras características físicas il. col.
Dimensiones 30 cm
500 ## - NOTA GENERAL
Nota general Tít. tomado del verso de port
500 ## - NOTA GENERAL
Nota general Resumen por capts. en español e inglés
504 ## - NOTA DE BIBLIOGRAFÍA, ETC.
Nota de bibliografía, etc. Bibliografía
541 ## - NOTA DE LA FUENTE INMEDIANTE DE ADQUISICIÓN
Forma de adquisición Suscripción conjunta
650 #4 - ASIENTO SECUNDARIO DE MATERIA--TÉRMINO DE MATERIA
Término de materia o nombre geográfico como elemento inicial ciencias de la información
9 (RLIN) 28910
650 #4 - ASIENTO SECUNDARIO DE MATERIA--TÉRMINO DE MATERIA
Término de materia o nombre geográfico como elemento inicial servicio de información
9 (RLIN) 28925
650 #4 - ASIENTO SECUNDARIO DE MATERIA--TÉRMINO DE MATERIA
Término de materia o nombre geográfico como elemento inicial biblioteca
9 (RLIN) 28926
650 #4 - ASIENTO SECUNDARIO DE MATERIA--TÉRMINO DE MATERIA
Término de materia o nombre geográfico como elemento inicial centro de información
9 (RLIN) 28923
650 #4 - ASIENTO SECUNDARIO DE MATERIA--TÉRMINO DE MATERIA
Término de materia o nombre geográfico como elemento inicial tecnología de la información
9 (RLIN) 30104
650 #4 - ASIENTO SECUNDARIO DE MATERIA--TÉRMINO DE MATERIA
Término de materia o nombre geográfico como elemento inicial anuario
9 (RLIN) 28963
650 #4 - ASIENTO SECUNDARIO DE MATERIA--TÉRMINO DE MATERIA
Término de materia o nombre geográfico como elemento inicial 2012
9 (RLIN) 31808
650 #4 - ASIENTO SECUNDARIO DE MATERIA--TÉRMINO DE MATERIA
Término de materia o nombre geográfico como elemento inicial tendencia
9 (RLIN) 28907
653 10 - TÉRMINO DE INDEXACIÓN--NO CONTROLADO
Término no controlado Biblioteconomía
700 1# - ENCABEZAMIENTO SECUNDARIO--NOMBRE PERSONAL
Nombre de persona Baiget, Tomàs
Término indicativo de función dir.
9 (RLIN) 6893
700 1# - ENCABEZAMIENTO SECUNDARIO--NOMBRE PERSONAL
Nombre de persona Guallar, Javier
Término indicativo de función col.
9 (RLIN) 14185
787 0# - ENTRADA DE OTRAS ESPECIFICACIONES
Título Anuario ThinkEPI 2011
Número de control del registro relacionado (ES-MaCES)23812
902 ## - CES. TIPO DE DOCUMENTO
Tipodoc (006$c Sirtex) LIB Libro
942 ## - ELEMENTOS KOHA
Fuente de clasificaión o esquema Clasificación propia del CES
Koha [por defecto] tipo de item Monografías
Parte de clasificación 9.0.
Existencias
Número de registro Signatura completa Tipo de item de Koha
081759 DPT-11784 Monografías
© CES, Consejo Económico y Social de España 2021